|
|
|
|
| LEADER |
01249nam a2200253 a 4500 |
| 001 |
GR-MES10800 |
| 008 |
060926s gr b 001 0 gre d |
| 020 |
|
|
|a 0120510405
|
| 040 |
|
|
|a GrPaTEI
|b gre
|c GR-PaULI
|
| 040 |
|
|
|a GrPaTEI
|b gre
|c GR-PaULI
|
| 100 |
1 |
|
|a Allen, Bryce
|
| 245 |
1 |
0 |
|a Information tasks :
|b Toward a user-centered approach to information systems /
|c Bryce Allen.
|
| 260 |
|
|
|a San Diego :
|b Academic Press,
|c 1996
|
| 300 |
|
|
|a xiii , 308σ. ;
|c 24εκ.
|
| 490 |
0 |
|
|a Library and information science
|
| 504 |
|
|
|a Περιλαμβάνει βιβλιογραφίες και ευρετήριο.
|
| 650 |
|
0 |
|a INFORMATION STORAGE AND RETRIEVAL SYSTEMS
|
| 650 |
|
0 |
|a System design
|
| 650 |
|
0 |
|a User interfaces (Computer systems)
|
| 942 |
|
|
|2 ddc
|
| 952 |
|
|
|0 0
|1 0
|2 ddc
|4 0
|6 025_040000000000000_ALL
|7 0
|9 270088
|a MSLG
|b MSLG
|c BSC
|d 2021-01-17
|e 24
|f 0
|g 0.00
|l 0
|o 025.04 ALL
|p 2420000020774
|r 2021-01-17 00:00:00
|t 1
|w 2021-01-17
|y BK15
|x 20060926 0 1
|x GrPaTEI
|
| 952 |
|
|
|0 0
|1 0
|2 ddc
|4 0
|6 025_040000000000000_ALL
|7 0
|9 270089
|a MSLG
|b MSLG
|c BSC
|d 2021-01-17
|e 24
|f 0
|g 0.00
|l 0
|o 025.04 ALL
|p 2420000020775
|r 2021-01-17 00:00:00
|t 1
|w 2021-01-17
|y BK15
|x 20060926 0 ΔΕΝ ΔΑΝΕΙΖΕΤΑΙ 1
|x GrPaTEI
|
| 971 |
|
|
|a .b25768475
|b 15-04-20
|c 13-09-16
|
| 999 |
|
|
|c 155953
|d 155953
|